Normal view
MARC view
- تاليف السامرائي، هاشم... وآخرون
Entry Personal Name
001 - CONTROL NUMBER
- control field: 47254
003 - CONTROL NUMBER IDENTIFIER
- control field: JO-AjAnu
005 - DATE AND TIME OF LATEST TRANSACTION
- control field: 20230606081813.0
008 - FIXED-LENGTH DATA ELEMENTS
- fixed length control field: 230606|| aca||aabn | a|a d
040 ## - CATALOGING SOURCE
- Original cataloging agency: JO-AjAnu
- Transcribing agency: JO-AjAnu
100 ## - HEADING--PERSONAL NAME
- Personal name: تاليف السامرائي، هاشم... وآخرون
670 ## - SOURCE DATA FOUND
- Source citation: Work cat.: (JO-AjAnu)24183: تاليف السامرائي، هاشم... وآخرون, author, طرائق التدريس العامة وتنمية التفكير